zpět

Detail výsledku týmu

Lok-Ham, Hluboká nad Vltavou

Datum a čas kvízu

19.5 Celkem bodů Celkový počet nahraných bodů na tomto kvízu bez doplňovacích otázek.
6. Pořadí na kvízu Konečné umístění týmu na tomto kvízu.

Zaznamenané odpovědi

# Otázka Odpověď Body Výsledky
1. Ve kterém českém městě se minu... v Plzni 0
2. Ve které zemi byl minulý týden... v Číně 1
3. Jedna televizní stanice ukonči... MTV 0
4. Kořist v hodnotě přibližně 30... v Německu 0
5. Na Silvestra se konalo finále... Zadina; Stránský 0
6. Mezi nejúspěšnější sourozence... 2000; 2012 0.5
7. Sourozenci Taschlerovi nás rep... Natálie; Filip 0
8. Opomenout v tomto tématu nesmí... 7,5 km; 6 km 0
9. Nyní bude vaším úkolem uhodnou... v plavání 1
10. Na závěr se podíváme na bratrs... B) Maďarsko 0